书目信息 |
| 书名: | On practice | |
| 作者: | ||
| 分册号: | ||
| 分册名: | 出版地: | Peking : |
|
| 出版社: | Foreign Languages Pr | |
| 出版时间: | 1965. | |
| 页数: | 21 p. ; | |
| 开本: | 20cm. | |
| 丛书名: | ||
| 中图分类号: | ||
| 科图分类号: | ||
| 其他分类号: | A423 | |
| 主题词: | ||
| 电子资源: | ||
| 000 | 01090nam 2200277 a 4500 | |
| 001 | E0738826640 | |
| 005 | 20070305105927.32 | |
| 008 | uu | |
| 008 | 1965 | |
| 040 | @aNLC | |
| 041 | 1 | @aeng @hchi |
| 043 | @aa-cc--- | |
| 049 | @aN5LA | |
| 090 | @a2/A423/3707/En/ 1958/////219858/320764/ | |
| 090 | @aA423 | |
| 096 | @aA423 @v2 | |
| 099 | @dA423@ex7 | |
| 100 | 1 | @aMao, Zedong, @d1893-1976. |
| 240 | 10 | @aShi jian lun. @lEnglish |
| 242 | 10 | @a实践论(英语版) / @c毛泽东 著 @ychi |
| 245 | 10 | @aOn practice |
| 250 | @a5th ed. | |
| 260 | @aPeking :@bForeign Languages Pr.,@c1965. | |
| 300 | @a21 p. ;@c20cm. | |
| 650 | 0 | @aDialectical materialism. @b00 @c20020930 @lNLC09 @h2244 @b40 @c20021223 @lNLC09 @h0943 @b40 @c20021223 @lNLC09 @h0943 @b40 @c20021223 @lNLC09 @h0944 @b40 @c20021223 @lNLC09 @h0944 @b40 @c20021223 @lNLC09 @h0946 @b40 @c20021223 @lNLC09 @h0946 @b40 @c20021223 @lNLC09 @h0948 @b40 @c20021223 @lNLC09 @h0948 @lNLC09 @h2220 @lNLC09 @h1812 @b40 @c20030329 @lNLC09 @h1653 @b40 @c20030608 @lNLC09 @h2114 |
| 852 | 9 | @bWWJC @cJ08S @k2 @hA423/3707 @iEn/1958 |
| On practice.-5th ed.-Peking : : Foreign Languages Pr., , 1965. |
| 21 p. ; ; 20cm. |
| ISBN |
| ● |
| 相关链接 |
|
|
|
|
正题名:On practice
索取号:A423/x7
 
预约/预借
| 序号 | 登录号 | 条形码 | 馆藏地/架位号 | 状态 | 备注 |
| 1 | 55745 | 300000102 | 第四借阅区/ [索取号:A423/x7] | 在馆 |